| 000 | 00791nam a2200241Ia 4500 | ||
|---|---|---|---|
| 005 | 20260430150149.0 | ||
| 008 | 008 250103s9999 xx 000 0 eng d | ||
| 037 | _aTheses | ||
| 040 | _aCRL | ||
| 040 | _beng | ||
| 040 | _ceng | ||
| 041 | _2eng | ||
| 041 | _aeng | ||
| 084 | _qCRL | ||
| 100 |
_aMishra Smita Au.; Mehra Varsha Gu. _91236646 |
||
| 245 | 0 | _aIsolation and characterization of the bioactive constituents of justicia adhatoda nee vasica for antimycobacterial activiy on mycobacterium smegmatis and mycobacterium bovis (BCG) | |
| 260 | _c2022 | ||
| 300 | _a142p. | ||
| 650 | _aScience | ||
| 700 |
_aUniveristy of Delhi. Faculty of Medical Sciences. Department of B.R. Ambedkar Center for Biomedical Research _91236428 |
||
| 942 | _cTH | ||
| 999 |
_c1849105 _d1849105 |
||